000 00544cam a22002291 4500
001 sa 68000819
003 DLC
005 20260227112427.0
008 900103q19601968ii a 000 0 hino
010 _asa 68000819
035 _a(OCoLC)20841809
040 _aDLC
_cWaU
_dDLC
042 _apremarc
043 _aa-ii---
050 0 0 _aSF196.I4
_bP36
100 1 _aParnerkar, Y. M.
245 1 0 _aGopālana ke sambandha meṃ.
260 _c[196-]
300 _a51 p.
_billus.
_c25 cm.
500 _aIn Hindi.
650 0 _aCattle
_zIndia.
999 _c77474
_d77474